000
00316nam a2200133Ia 4500
008
231017s9999 xx 000 0 und d
082
_a
625.85
082
_b
SAB
245
0
_a
Cold In-Place Recycling Literature Review
245
0
_c
Altenea Salomon
260
_b
Altenea Salomon
300
_c
30cm
942
_c
REP
999
_c
604516
_d
604516